Analysis of natural rubber ecosystem productivity in traditional rubber growing region of India using MODIS satellite based NPP data (Record no. 49507)

MARC details
000 -LEADER
fixed length control field 00586nam a2200157Ia 4500
100 ## - MAIN ENTRY--AUTHOR NAME
Personal name Meti S
245 #0 - TITLE STATEMENT
Title Analysis of natural rubber ecosystem productivity in traditional rubber growing region of India using MODIS satellite based NPP data
260 ## - PUBLICATION, DISTRIBUTION, ETC. (IMPRINT)
Name of publisher PLACROSYM XXI. International Symposium on Plantation Crops, 10-12 December 2014, Kozhikode, India, pp. 97-98. Abstracts.
650 ## - SUBJECT ADDED ENTRY--TOPICAL TERM
Topical Term MODIS
650 ## - SUBJECT ADDED ENTRY--TOPICAL TERM
Topical Term NPP data
650 ## - SUBJECT ADDED ENTRY--TOPICAL TERM
Topical Term NR ecosystem
650 ## - SUBJECT ADDED ENTRY--TOPICAL TERM
Topical Term Traditional rubber growing region
700 ## - ADDED ENTRY--PERSONAL NAME
Personal name Jacob J
942 ## - ADDED ENTRY ELEMENTS (KOHA)
Koha item type Bibliography STAF
Holdings
Withdrawn status Lost status Damaged status Not for loan Home library Current library Shelving location Date acquired Koha item type
      Bibliography RRII Library RRII Library Climate change 24/03/2015 Bibliography STAF